Big 4 three or more MVPs - Statistics

General Stats
  • This quiz has been taken 25 times
  • The average score is 20 of 36
Answer Stats
Sport Amount Answer % Correct
NBA 5 Bill Russell
100%
NBA 5 Michael Jordan
100%
NFL 3 Tom Brady
100%
NBA 4 LeBron James
95%
NHL 9 Wayne Gretzky
95%
NBA 4 Wilt Chamberlain
95%
NBA 6 Kareem Abdul-Jabbar
89%
NBA 3 Magic Johnson
89%
NBA 3 Larry Bird
84%
MLB 7 Barry Bonds
79%
NFL 3 Brett Favre
68%
NBA 3 Moses Malone
68%
NFL 5 Peyton Manning
68%
NHL 6 Gordie Howe
63%
NBA 3 Nikola Jokic
58%
NFL 4 Aaron Rodgers
53%
NHL 3 Alexander Ovechkin
53%
MLB 3 Alex Rodriguez
53%
NHL 3 Mario Lemieux
53%
MLB 3 Mickey Mantle
53%
NHL 3 Bobby Orr
47%
MLB 3 Mike Trout
47%
MLB 3 Joe DiMaggio
42%
NFL 3 Jim Brown
37%
MLB 3 Shohei Ohtani
37%
MLB 3 Stan Musial
37%
MLB 3 Albert Pujols
32%
NHL 3 Connor McDavid
32%
NFL 3 Johnny Unitas
32%
MLB 3 Mike Schmidt
32%
MLB 3 Yogi Berra
32%
MLB 3 Roy Campanella
26%
MLB 3 Jimmie Foxx
21%
NHL 3 Howie Morenz
16%
NHL 3 Bobby Clarke
11%
NHL 4 Eddie Shore
11%
No matching quizzes found
Score Distribution
Percent of People with Each Score
Percentile by Number Answered
Your Score History
You have not taken this quiz